India in the United Nations General Assembly: (Record no. 188326)

MARC details
000 -LEADER
fixed length control field 00774nam a22002297a 4500
005 - DATE AND TIME OF LATEST TRANSACTION
control field 20220524113556.0
010 ## - LCCN (DPL NO)
LC control number ENG-132672-73
020 ## - INTERNATIONAL STANDARD BOOK NUMBER
International Standard Book Number 9789389137095
Terms of availability 899.00
020 ## - INTERNATIONAL STANDARD BOOK NUMBER
International Standard Book Number 9789389137095
Terms of availability 899.00
035 ## - SYSTEM CONTROL NUMBER
System control number EN-116204-05
037 ## - SOURCE OF ACQUISITION
Source of stock number/acquisition DBAD/PUB
082 ## - DEWEY DECIMAL CLASSIFICATION NUMBER
Classification number 341.2354
100 ## - MAIN ENTRY--PERSONAL NAME
Personal name Das, Suranjan
245 ## - TITLE STATEMENT
Title India in the United Nations General Assembly:
Statement of responsibility, etc Suranjan Das, Sitaram Sharma and Vivek Mishra
Remainder of title 1945-1970
260 ## - PUBLICATION, DISTRIBUTION, ETC. (IMPRINT)
Place of publication, distribution, etc New Delhi
Name of publisher, distributor, etc KW Publishers Pvt. Ltd
Date of publication, distribution, etc 2019
270 ## - ADDRESS
Address 4676/21, First Floor, Ansari Road, Daryaganj
City New Delhi
Postal code 110002
300 ## - PHYSICAL DESCRIPTION
Extent lxv, 341p. (v1), x, 669p. (v2)
Other physical details Index
Dimensions 25cm(hbk)
500 ## - GENERAL NOTE
General note Volume 1 to 2
700 ## - ADDED ENTRY--PERSONAL NAME
Personal name Sharma, Sitaram
700 ## - ADDED ENTRY--PERSONAL NAME
Personal name Mishra, Vivek
942 ## - ADDED ENTRY ELEMENTS (KOHA)
Source of classification or shelving scheme Dewey Decimal Classification
Item type English Books
Classification part 341.2354
Call number suffix DAS
Holdings
Withdrawn status Lost status Materials specified (bound volume or other part) Not for loan Collection code Home library Current library Date acquired Source of acquisition Cost, normal purchase price Full call number Barcode Copy number Cost, replacement price Koha item type
    VOLUME 1   Non-fiction Patel Nagar Patel Nagar 18/05/2022 DBAD/PUB 899.00 341.2354 DAS EN-116204 1 899.00 English Books
    VOLUME 2   Non-fiction Patel Nagar Patel Nagar 18/05/2022 DBAD/PUB 899.00 341.2354 DAS EN-116205 1 899.00 English Books

© Delhi Public Library
Hit Counter
free hit counter